Score 0/48 Timer 06:00
1 Play Today
Character Name (Y/N) % Correct
Hot Pie???
86.1%
The Tickler???
83.7%
Patchface???
81.8%
Poopeyes???
80.7%
Reznak mo Reznak???
80.1%
Three-Finger Hobb???
79.1%
Deziel the Never-Welcome???
76.9%
Dwarfbottom???
75%
Argo the Unhandleable???
74.5%
The Weeper???
73.7%
Halfhead the Unmistakeable???
73%
Brandon Fiddlethumbs???
71.4%
The Groggy Lady???
69%
Azzy Aykb'aan???
68.4%
Sandar Seven-Tunics???
68.4%
Itchy-Arm Erryk???
68%
The Ivory Lion???
66.5%
Crowfood???
66.4%
Tarle the Thrice-Drowned???
66.1%
Thorin Thumbeater???
65.7%
Lucky One-Arm???
64.6%
Drerac Firebeard???
63.9%
Chattertooth???
61.8%
The Bloody Baron???
60.9%
Character Name (Y/N) % Correct
Harrion the Blistered???
60.4%
Ralf the Limper???
60%
Harry the Heir???
59.8%
Shyra Shieldsmasher???
59.2%
Ser Fenton Crackshell???
58.6%
Damon Dance-for-Me???
57.5%
Butterbumps???
56.4%
Aegon the Well-Rested???
56.1%
The Gobbler???
55.2%
Six-Toed Harl???
54.7%
The Sightseer???
54.5%
The Drunken Daughter???
48%
The Perfumed Hero???
46.6%
The Candle of Crakehall???
43%
Lord Wobblecheeks???
42.3%
The Mad Maester???
42.1%
Grubbs???
40%
Torgon the Latecomer???
37.7%
The Beastmaster???
36.7%
The Black Pearl???
36.3%
Droopeye Dale???
32.9%
Sawwood???
28%
Snowylocks???
27.8%
Cossomo the Conjurer???
27.2%
Remove Ads.
Support Sporcle.
Get the best of Sporcle when you Go Orange. This ad-free experience offers more features, more stats, and more fun while also helping to support Sporcle. Thank you for becoming a member.

You're not logged in!

Compare scores with friends on all Sporcle quizzes.
OR
Log In

Show Comments

Extras

Top Quizzes Today


Score Distribution

Your Account Isn't Verified!

In order to create a playlist on Sporcle, you need to verify the email address you used during registration. Go to your Sporcle Settings to finish the process.

Report this User

Report this user for behavior that violates our Community Guidelines.

Details: